Σαν παραμύθι
Αποθηκεύτηκε σε:
| Κύριος συγγραφέας: | |
|---|---|
| Μορφή: | Βιβλίο |
| Γλώσσα: | Greek |
| Δημοσίευση: |
Λευκωσία :
Σύγχρονη Εποχή Κύπρου,
1994.
|
| Θέματα: | |
| Ετικέτες: |
Προσθήκη ετικέτας
Δεν υπάρχουν, Καταχωρήστε ετικέτα πρώτοι!
|
MARC
| LEADER | 00000cam a2200000 i 4500 | ||
|---|---|---|---|
| 001 | 1/4223 | ||
| 008 | 100205s1994 cy | ||| |||| ||gre|| | ||
| 020 | |a 996380070X | ||
| 035 | |l 10106662 | ||
| 040 | |a GR-MyUA |b gre |e AACR2 | ||
| 041 | 0 | |a gre | |
| 082 | 0 | |a 889.3 |2 (22) | |
| 100 | 1 | |a Μιχαηλίδου-Βλαδιμήρου, Ελίτα. | |
| 245 | 1 | 0 | |a Σαν παραμύθι / |c Ελίτα Μιχαηλίδου-Βλαδιμήρου ; εικονογράφηση Μαρία Λοιζίδου. |
| 260 | |a Λευκωσία : |b Σύγχρονη Εποχή Κύπρου, |c 1994. | ||
| 300 | |a 47 σ. : |b εγχρ. εικ. ; |c 24 εκ. | ||
| 650 | 0 | 0 | |a Greek fiction, Modern. |
| 852 | |a INST |b SAMOS |e 20100205 |h 889.3 ΜΙΧ |p 005300030705 |q 005300030705 |t BK |y 0 | ||
| 901 | |a BIBL3-2010-1 | ||
| 909 | |a Σ |b 158696 | ||
| 970 | |a ΡΟΥΣΣΟΥ |b ΚΩΝΣΤΑΝΤΙΝΑ |z 2010/02/05 | ||